| 000 | 00425cam a2200169ua 4500 | ||
|---|---|---|---|
| 020 | _a81-7008-043-6 | ||
| 041 |
_aeng _h |
||
| 082 |
_a551.48 _bJAY/TE |
||
| 100 | _aJayarami Reddy, P . | ||
| 245 |
_aText book of hydrology / _cP Jayarami Reddy. _hTextual Documents |
||
| 250 |
_a1 / _b. |
||
| 260 |
_aNew Delhi : _bLaxmi publications , _c1986. |
||
| 300 | _a346 ; . | ||
| 504 | _a | ||
| 942 | _cBK | ||
| 999 |
_c11300 _d11300 |
||